Drapeaux de la Méditerranée - Statistiques

Statistiques générales
  • Ce quiz a été pris 39 046 fois
  • Le résultat moyen est 18 sur 21
Statistiques - réponses
Par images Réponse % Correct
France
100%
Espagne
99%
Grèce
99%
Italie
99%
Israël
97%
Turquie
96%
Tunisie
94%
Albanie
93%
Algérie
93%
Chypre
93%
Croatie
93%
Maroc
91%
Égypte
89%
Liban
89%
Monaco
80%
Malte
79%
Bosnie-Herzégovine
77%
Slovénie
74%
Monténégro
66%
Libye
63%
Syrie
62%
Aucun quiz correspondant
Distribution des résultats
% des personnes avec chaque résultat
Percentile par nombre de réponses
Votre historique - résultats
Vous n’avez pas pris ce quiz